System na konverziu dokumentov formátu RTF a HTML = System for translation RTF documents into HTML : Dipl.práca /
Guardado en:
| Autor principal: | |
|---|---|
| Otros Autores: | |
| Formato: | Manuscrito Libro |
| Publicado: |
Bratislava :
STU v Bratislave FEI,
1997
|
| Etiquetas: |
Sin Etiquetas, Sea el primero en etiquetar este registro!
|
MARC
| LEADER | 00000ntm a22000003a 4500 | ||
|---|---|---|---|
| 001 | stu10550 | ||
| 005 | 20160719164937.2 | ||
| 008 | 980120s1997----------------------------d | ||
| 040 | |a STU |b slo | ||
| 041 | 0 | ||
| 100 | 1 | |a Tabitová, Nadia |4 aut | |
| 245 | 1 | |a System na konverziu dokumentov formátu RTF a HTML = System for translation RTF documents into HTML : |b Dipl.práca / |c [aut.] Tabitová,Nadia; Škol. Kapustik,Ivan | |
| 260 | |a Bratislava : |b STU v Bratislave FEI, |c 1997 | ||
| 300 | |a 104 s : |b príl.,disketa | ||
| 700 | 1 | |a Kapustík, Ivan |4 ths |u E220 |U FEI Fakulta elektrotechniky a informatiky |T FEI Katedra informatiky a výpočtovej techniky |X 111 |U E220 |Y 69 |7 111 | |
| 996 | |b EDIPL-5424 |c I*DIPL-5424 |l II680 |s A |a 24 |w stu10550_0001 | ||